000 00340nam a22001457a 4500
008 221020b ||||| |||| 00| 0 eng d
020 _a9780803669451
041 _aeng
080 _2SIXTEENTH EDITION
_a61.73
082 _a610.73 VALL
100 _a7
101 _aINF
245 _aDRUG GUIDE FOR NURSES
_cVALLERAND H
942 _2udc
_cBK
999 _c58635
_d58635